Técnicas estadísticas multivariantes con SPSS

Guardat en:
Dades bibliogràfiques
Autor principal: Pérez López, César (Autor)
Format: Llibre
Idioma:espanyol
Publicat: Madrid Ibergarceta Publicaciones S.L 2009
Edició:1a. ed
Matèries:
Etiquetes: Afegir etiqueta
Sense etiquetes, Sigues el primer a etiquetar aquest registre!

MARC

LEADER 00000cam a2200000 a 4500
001 UCC4080
003 CL-VaPUC
008 180706e20090000sp |||||||||||||||||spa|d
020 |a 9788492812004 
082 0 4 |a 005.369  |b PER  |2 21 
100 0 |a Pérez López, César  |e author  |9 598222 
245 1 0 |a Técnicas estadísticas multivariantes con SPSS 
250 |a 1a. ed 
300 |a 378 p 
942 |c BK 
945 |d 20180706 14:40:00  |a dcastane 
260 |a Madrid  |b Ibergarceta Publicaciones S.L  |c 2009 
650 0 |a Proceso de datos   |9 259776 
650 0 |a Modelos matemáticos   |9 259437 
650 7 |a SPSS  |2 CL-VaPUC  |9 362442 
650 0 |a Software  |9 387312 
583 |a last modification  |c 20180706 14:40:00  |k Rodrigo Vera 
999 |c 371683  |d 371681 
952 |0 0  |1 0  |3 erb  |4 0  |6 005_369000000000000_PER_2009  |7 0  |8 A  |9 488786  |a FDOPOS  |b FDOPOS  |i 5479797  |o 005.369 PER 2009  |p 5479797  |r 2025-01-22  |w 2019-11-24  |y BK  |z Catalogado en:20180706  |k MLA